[Event "Winnipeg TNT March op"]
[Site "Winnipeg CAN"]
[Date "2007.03.13"]
[Round "2"]
[White "Essery, Richard"]
[Black "Podmoroff, Yuri"]
[Result "0-1"]
[WhiteElo "1655"]
[BlackElo "1536"]
[PlyCount "92"]
[GameId "2160767910710042"]
[EventDate "2007.03.06"]
[EventType "swiss"]
[EventRounds "4"]
[EventCountry "CAN"]
[SourceTitle "EXT 2019"]
[Source "ChessBase"]
[SourceDate "2018.10.10"]
[SourceVersion "1"]
[SourceVersionDate "2018.10.10"]
[SourceQuality "1"]

1. d4 d5 2. Nf3 Nc6 3. Bf4 Bf5 4. e3 a6 5. c3 e6 6. Bd3 Bg6 7. Qe2 Bd6 8. Bxd6 Qxd6 9. Nbd2 Nge7 10. e4 dxe4 11. Nxe4 Bxe4 12. Bxe4 Ng6 13. O-O Nf4 14. Bxc6+ Qxc6 15. Qe5 Qd6 16. Qxg7 Rf8 17. Qxh7 O-O-O 18. g3 Rh8 19. Qe4 Rdg8 20. Ne5 Nh3+ 21. Kh1 Ng5 22. Qe3 Qf8 23. f4 Nh7 24. f5 Ng5 25. Qe2 Qe7 26. fxe6 Qxe6 27. Qg4 Qxg4 28. Nxg4 Ne4 29. Nf2 Nxg3+ 30. Kg2 Nxf1+ 31. Kxf1 Rxh2 32. Nd3 Rgg2 33. Re1 Rd2 34. Kg1 Rhe2 35. Rxe2 Rxe2 36. Kf1 Rd2 37. Ne5 Rxb2 38. Nxf7 Rxa2 39. Ne5 Rc2 40. c4 a5 41. Ke1 a4 42. Kd1 Rh2 43. Kc1 Re2 44. Kd1 Rxe5 45. dxe5 Kd7 46. Kc1 Ke6 0-1

[Event "Winnipeg TNT March op"]
[Site "Winnipeg CAN"]
[Date "2007.03.13"]
[Round "2"]
[White "Gibbons, Lorne"]
[Black "Evans, Brian"]
[Result "0-1"]
[WhiteElo "1299"]
[BlackElo "1525"]
[PlyCount "69"]
[GameId "2160767910710043"]
[EventDate "2007.03.06"]
[EventType "swiss"]
[EventRounds "4"]
[EventCountry "CAN"]
[SourceTitle "EXT 2019"]
[Source "ChessBase"]
[SourceDate "2018.10.10"]
[SourceVersion "1"]
[SourceVersionDate "2018.10.10"]
[SourceQuality "1"]

1. d4 Nf6 2. c4 g6 3. Nc3 Bg7 4. Nf3 d6 5. Bf4 c6 6. e4 Bg4 7. Be2 Bxf3 8. Bxf3 Nfd7 9. O-O Qb6 10. Qd3 Qxd4 11. Qxd4 Bxd4 12. Bd2 Ne5 13. Be2 Nbd7 14. Kh1 Nc5 15. b4 Nxe4 16. Nxe4 Bxa1 17. Rxa1 O-O 18. f4 Nd7 19. Rf1 f5 20. Ng5 h6 21. Ne6 Rf6 22. Nd4 e5 23. Nc2 Re6 24. Bd1 exf4 25. Rxf4 Rae8 26. Ne3 Rxe3 27. Bxe3 Rxe3 28. Rf1 Ne5 29. Bb3 Nd3 30. Kg1 Nxb4 31. Rd1 Rd3 32. Re1 Kf7 33. Kf1 Rd2 34. Rc1 a6 35. Rc3 0-1

[Event "Winnipeg TNT March op"]
[Site "Winnipeg CAN"]
[Date "2007.03.13"]
[Round "2"]
[White "Gibson, Fred"]
[Black "Goodman, Clifford"]
[Result "0-1"]
[WhiteElo "1260"]
[BlackElo "1499"]
[PlyCount "20"]
[GameId "2160767910718236"]
[EventDate "2007.03.06"]
[EventType "swiss"]
[EventRounds "4"]
[EventCountry "CAN"]
[SourceTitle "EXT 2019"]
[Source "ChessBase"]
[SourceDate "2018.10.10"]
[SourceVersion "1"]
[SourceVersionDate "2018.10.10"]
[SourceQuality "1"]

1. e4 c6 2. d4 d5 3. e5 Bf5 4. Bd3 Bxd3 5. Qxd3 e6 6. Ne2 Nd7 7. f4 c5 8. Be3 Qb6 9. Qc3 c4 10. O-O Bb4 0-1

[Event "Winnipeg TNT March op"]
[Site "Winnipeg CAN"]
[Date "2007.03.13"]
[Round "2"]
[White "Green, Jim"]
[Black "Cleto, Sam"]
[Result "0-1"]
[WhiteElo "1780"]
[BlackElo "1912"]
[PlyCount "83"]
[GameId "2160767910718237"]
[EventDate "2007.03.06"]
[EventType "swiss"]
[EventRounds "4"]
[EventCountry "CAN"]
[SourceTitle "EXT 2019"]
[Source "ChessBase"]
[SourceDate "2018.10.10"]
[SourceVersion "1"]
[SourceVersionDate "2018.10.10"]
[SourceQuality "1"]

1. e4 c5 2. Nf3 d6 3. Bb5+ Bd7 4. Bxd7+ Nxd7 5. c4 g6 6. Nc3 Bg7 7. O-O Ngf6 8. d3 O-O 9. Ng5 a6 10. f4 b5 11. cxb5 axb5 12. Nxb5 Nh5 13. f5 Qb6 14. Nc3 c4+ 15. Kh1 Ne5 16. Nd5 Qa7 17. Be3 Qb7 18. dxc4 Nxc4 19. fxg6 hxg6 20. Qb3 Qxb3 21. axb3 Rxa1 22. Rxa1 Nxe3 23. Nxe3 Bxb2 24. Rb1 Rc8 25. Nc4 Bd4 26. Nf3 Ba7 27. Nfd2 Kg7 28. g3 Nf6 29. e5 dxe5 30. Nxe5 Rc2 31. Nec4 Ng4 32. b4 Nf2+ 33. Kg2 Ne4 34. Rd1 Nxd2 35. Rxd2 Rxc4 36. Rb2 Bd4 37. Rb3 Rc2+ 38. Kh3 f5 39. b5 Bg1 40. g4 Rxh2+ 41. Kg3 fxg4 42. b6 0-1

[Event "Winnipeg TNT March op"]
[Site "Winnipeg CAN"]
[Date "2007.03.13"]
[Round "2"]
[White "Khedkar, Jay S"]
[Black "Lauritson, Jim"]
[Result "0-1"]
[WhiteElo "1963"]
[BlackElo "1916"]
[PlyCount "68"]
[GameId "2160767910718238"]
[EventDate "2007.03.06"]
[EventType "swiss"]
[EventRounds "4"]
[EventCountry "CAN"]
[SourceTitle "EXT 2019"]
[Source "ChessBase"]
[SourceDate "2018.10.10"]
[SourceVersion "1"]
[SourceVersionDate "2018.10.10"]
[SourceQuality "1"]

1. e4 c5 2. Nf3 e6 3. d4 cxd4 4. Nxd4 Nc6 5. Nb5 d6 6. c4 Nf6 7. N1c3 a6 8. Nd4 Be7 9. Be2 Qc7 10. Be3 b6 11. Rc1 Ne5 12. f4 Ned7 13. Bf3 Bb7 14. O-O Rc8 15. f5 e5 16. Nd5 Qb8 17. Nb3 Bxd5 18. cxd5 O-O 19. Qe2 Qb7 20. g4 Rxc1 21. Rxc1 Rc8 22. Rc4 Bd8 23. g5 Ne8 24. Qc2 Rxc4 25. Qxc4 b5 26. Qc3 Bb6 27. Kg2 Qc7 28. Bxb6 Qxc3 29. bxc3 Nxb6 30. Be2 Nc7 31. Na5 Na4 32. c4 Nc3 33. cxb5 N7xb5 34. Kf3 Nd4+ 0-1

[Event "Winnipeg TNT March op"]
[Site "Winnipeg CAN"]
[Date "2007.03.13"]
[Round "2"]
[White "Lipic, Stephen"]
[Black "Reimer, Bruce"]
[Result "1-0"]
[WhiteElo "1582"]
[BlackElo "1590"]
[PlyCount "61"]
[GameId "2160767910718239"]
[EventDate "2007.03.06"]
[EventType "swiss"]
[EventRounds "4"]
[EventCountry "CAN"]
[SourceTitle "EXT 2019"]
[Source "ChessBase"]
[SourceDate "2018.10.10"]
[SourceVersion "1"]
[SourceVersionDate "2018.10.10"]
[SourceQuality "1"]

1. f4 d5 2. Nf3 c5 3. e3 Bg4 4. Be2 Nc6 5. O-O Qd7 6. d3 h5 7. b3 h4 8. Bb2 h3 9. g3 Nf6 10. Ne5 Nxe5 11. fxe5 Bxe2 12. Qxe2 Ng4 13. Rf4 Nxh2 14. Kxh2 Qe6 15. d4 cxd4 16. Qb5+ Qd7 17. Qxd7+ Kxd7 18. Rxd4 Ke6 19. e4 dxe4 20. Rxe4 Rd8 21. Rd4 Rc8 22. c4 b5 23. Nd2 g6 24. Rf1 Bh6 25. Nf3 bxc4 26. Rxc4 Rcd8 27. Rc7 a5 28. Nd4+ Kd5 29. Nc6 Rdf8 30. Nxe7+ Ke6 31. Rf6# 1-0

[Event "Winnipeg TNT March op"]
[Site "Winnipeg CAN"]
[Date "2007.03.13"]
[Round "2"]
[White "Melamedoff, Gustavo"]
[Black "Pottinger, Carl"]
[Result "1-0"]
[WhiteElo "1943"]
[BlackElo "1802"]
[PlyCount "59"]
[GameId "2160767910718240"]
[EventDate "2007.03.06"]
[EventType "swiss"]
[EventRounds "4"]
[EventCountry "CAN"]
[SourceTitle "EXT 2019"]
[Source "ChessBase"]
[SourceDate "2018.10.10"]
[SourceVersion "1"]
[SourceVersionDate "2018.10.10"]
[SourceQuality "1"]

1. e4 c5 2. Nc3 d6 3. f4 Nc6 4. Bb5 Bd7 5. Nf3 g6 6. O-O Bg7 7. d3 Nf6 8. Bxc6 Bxc6 9. Qe1 O-O 10. Qh4 e6 11. Be3 Nd7 12. Qh3 Qe8 13. Rae1 b6 14. f5 Ne5 15. Nxe5 Bxe5 16. Bh6 Bg7 17. f6 Bh8 18. Bxf8 Qxf8 19. g4 Qd8 20. g5 d5 21. exd5 exd5 22. Re7 d4 23. Ne4 Qd5 24. b3 Re8 25. Rxe8+ Bxe8 26. Qg3 h6 27. h4 h5 28. Qd6 Qa8 29. Qe7 Qc8 30. Kh2 1-0

[Event "Winnipeg TNT March op"]
[Site "Winnipeg CAN"]
[Date "2007.03.13"]
[Round "2"]
[White "Silva, T Romero"]
[Black "Mundwiler, Les"]
[Result "0-1"]
[WhiteElo "1912"]
[BlackElo "1945"]
[PlyCount "120"]
[GameId "2160767910718241"]
[EventDate "2007.03.06"]
[EventType "swiss"]
[EventRounds "4"]
[EventCountry "CAN"]
[SourceTitle "EXT 2019"]
[Source "ChessBase"]
[SourceDate "2018.10.10"]
[SourceVersion "1"]
[SourceVersionDate "2018.10.10"]
[SourceQuality "1"]

1. Nf3 Nf6 2. d4 d6 3. c4 Nbd7 4. Nc3 e5 5. d5 a5 6. g3 h6 7. Bg2 Be7 8. O-O g5 9. Qc2 Nf8 10. Bd2 Ng6 11. Rfd1 g4 12. Ne1 h5 13. Ne4 Nh7 14. a3 f5 15. Nc3 Bg5 16. e3 Qe7 17. b4 axb4 18. axb4 Rxa1 19. Rxa1 O-O 20. Nb5 Bf6 21. Ra8 e4 22. c5 Be5 23. cxd6 Bxd6 24. Nxd6 Qxd6 25. Bf1 Nf6 26. Bc4 h4 27. Qb3 hxg3 28. hxg3 Ne5 29. Be2 Qxd5 30. Qc2 b5 31. Bc3 Qxa8 32. Bxe5 c6 33. Bd1 Be6 34. Ng2 Bc4 35. Nf4 Nd5 36. Be2 Nxf4 37. Bxc4+ bxc4 38. Qxc4+ Nd5 39. b5 cxb5 40. Qxb5 Re8 41. Bd4 Re7 42. Kg2 Qb7 43. Qc5 Qd7 44. Qa5 Nc7 45. Qb6 Ne6 46. Qb8+ Re8 47. Qb3 Qf7 48. Qb5 Nxd4 49. exd4 Rd8 50. Qb6 Rd7 51. Qb8+ Kh7 52. Qe5 Qd5 53. Qf6 Rf7 54. Qh4+ Kg6 55. Qh8 e3+ 56. Kg1 Rh7 57. f3 gxf3 58. Qe8+ Kf6 59. Qxe3 Rh1+ 60. Kf2 Qa2+ 0-1

[Event "Winnipeg TNT March op"]
[Site "Winnipeg CAN"]
[Date "2007.03.13"]
[Round "2"]
[White "Wiebe, Daniel"]
[Black "Green, Aaron"]
[Result "1-0"]
[WhiteElo "1704"]
[BlackElo "1426"]
[PlyCount "43"]
[GameId "2160767910718243"]
[EventDate "2007.03.06"]
[EventType "swiss"]
[EventRounds "4"]
[EventCountry "CAN"]
[SourceTitle "EXT 2019"]
[Source "ChessBase"]
[SourceDate "2018.10.10"]
[SourceVersion "1"]
[SourceVersionDate "2018.10.10"]
[SourceQuality "1"]

1. e4 c5 2. Nf3 d6 3. d4 cxd4 4. Nxd4 Nf6 5. Nc3 a6 6. Bc4 e5 7. Nf5 Bxf5 8. exf5 Nc6 9. Nd5 Nxd5 10. Qxd5 Qa5+ 11. Bd2 Qxd5 12. Bxd5 Be7 13. O-O-O O-O 14. f4 Kh8 15. fxe5 dxe5 16. Rhe1 f6 17. Bc3 Rac8 18. Rd2 Rfd8 19. Re3 Rb8 20. Rdd3 Bb4 21. Rh3 Bxc3 22. Rxh7+ 1-0

[Event "Winnipeg TNT March op"]
[Site "Winnipeg CAN"]
[Date "2007.03.20"]
[Round "3"]
[White "Cleto, Sam"]
[Black "Melamedoff, Gustavo"]
[Result "0-1"]
[WhiteElo "1912"]
[BlackElo "1943"]
[PlyCount "106"]
[GameId "2160767910718244"]
[EventDate "2007.03.06"]
[EventType "swiss"]
[EventRounds "4"]
[EventCountry "CAN"]
[SourceTitle "EXT 2019"]
[Source "ChessBase"]
[SourceDate "2018.10.10"]
[SourceVersion "1"]
[SourceVersionDate "2018.10.10"]
[SourceQuality "1"]

1. Nf3 Nf6 2. c4 g6 3. Nc3 Bg7 4. e4 d6 5. h3 O-O 6. d4 e5 7. d5 a5 8. Bg5 h6 9. Bxf6 Qxf6 10. Be2 Qe7 11. Nd2 f5 12. Bf3 Na6 13. Nb3 b6 14. Rc1 Bd7 15. Nd2 Nc5 16. Qc2 Rae8 17. a3 a4 18. Nb5 Bxb5 19. cxb5 Bf6 20. b4 axb3 21. Nxb3 Bg5 22. Nxc5 Bxc1 23. Ne6 Bxa3 24. O-O Bc5 25. exf5 Rxf5 26. Be4 Qf7 27. Bxf5 gxf5 28. Ra1 Re7 29. Ra8+ Re8 30. Rxe8+ Qxe8 31. Qxf5 Qf7 32. Qg4+ Kh8 33. Qh4 Kg8 34. g4 e4 35. g5 e3 36. gxh6 Qg6+ 37. Kh2 exf2 38. h7+ Kh8 39. Qd8+ Kxh7 40. Nf8+ Kg7 41. Qe7+ Qf7 42. Ne6+ Kg8 43. Qxf7+ Kxf7 44. Kg2 Kf6 45. Nf4 Ke5 46. Nd3+ Kxd5 47. Nxc5 bxc5 48. Kxf2 Ke5 49. Ke3 d5 50. h4 Kf5 51. Kf3 c4 52. Kf2 d4 53. Ke2 c3 0-1

[Event "Winnipeg TNT March op"]
[Site "Winnipeg CAN"]
[Date "2007.03.20"]
[Round "3"]
[White "Evans, Brian"]
[Black "Rutter, Blair"]
[Result "0-1"]
[WhiteElo "1525"]
[BlackElo "1955"]
[PlyCount "44"]
[GameId "2160767910718245"]
[EventDate "2007.03.06"]
[EventType "swiss"]
[EventRounds "4"]
[EventCountry "CAN"]
[SourceTitle "EXT 2019"]
[Source "ChessBase"]
[SourceDate "2018.10.10"]
[SourceVersion "1"]
[SourceVersionDate "2018.10.10"]
[SourceQuality "1"]

1. e4 e6 2. d4 d5 3. Nc3 Nf6 4. Bg5 Be7 5. Bxf6 Bxf6 6. e5 Be7 7. Qg4 O-O 8. Bd3 Nd7 9. Nf3 f5 10. exf6 Nxf6 11. Qg3 c5 12. dxc5 Bxc5 13. Nd2 Nh5 14. Qg4 Bxf2+ 15. Kd1 Nf4 16. Rf1 Nxd3 17. cxd3 Be3 18. Kc2 Bd7 19. Rxf8+ Qxf8 20. Nxd5 Bxd2 21. Kxd2 Qf2+ 22. Kc3 Qc5+ 0-1

[Event "Winnipeg TNT March op"]
[Site "Winnipeg CAN"]
[Date "2007.03.20"]
[Round "3"]
[White "Goodman, Clifford"]
[Black "Green, Jim"]
[Result "0-1"]
[WhiteElo "1499"]
[BlackElo "1780"]
[PlyCount "112"]
[GameId "2160767910718246"]
[EventDate "2007.03.06"]
[EventType "swiss"]
[EventRounds "4"]
[EventCountry "CAN"]
[SourceTitle "EXT 2019"]
[Source "ChessBase"]
[SourceDate "2018.10.10"]
[SourceVersion "1"]
[SourceVersionDate "2018.10.10"]
[SourceQuality "1"]

1. Nf3 d5 2. g3 c6 3. Bg2 Nf6 4. d3 g6 5. b3 Bg7 6. Bb2 O-O 7. Nbd2 Bf5 8. Nh4 Qc8 9. Nxf5 Qxf5 10. O-O e5 11. e4 dxe4 12. dxe4 Qe6 13. Nc4 Ne8 14. Qe2 b5 15. Ne3 Nf6 16. Rad1 Nbd7 17. Ba3 Rfd8 18. Rd6 Qe8 19. Rxc6 a6 20. Rd6 Bf8 21. Rfd1 Bxd6 22. Rxd6 Kg7 23. Ng4 Nxg4 24. Qxg4 Nf6 25. Qg5 Rxd6 26. Bxd6 Nd7 27. Bh3 f6 28. Qg4 Nf8 29. Bxf8+ Kxf8 30. Qf3 Kg7 31. Qc3 Qe7 32. Qc6 Ra7 33. Bc8 Qc7 34. Qxc7+ Rxc7 35. Bxa6 Rxc2 36. Bxb5 Rxa2 37. Bc4 Rb2 38. h4 f5 39. exf5 gxf5 40. f3 e4 41. fxe4 fxe4 42. g4 h6 43. Kf1 Kf6 44. Ke1 Rh2 45. g5+ hxg5 46. hxg5+ Kxg5 47. Be2 Rh3 48. Bc4 Rh2 49. Kf1 Rb2 50. Ke1 Kf4 51. Kd1 e3 52. Ke1 Ke4 53. Bf7 Kd4 54. Bc4 Rc2 55. Be2 Rc1+ 56. Bd1 Kd3 0-1

[Event "Winnipeg TNT March op"]
[Site "Winnipeg CAN"]
[Date "2007.03.20"]
[Round "3"]
[White "Green, Aaron"]
[Black "Essery, Richard"]
[Result "0-1"]
[WhiteElo "1426"]
[BlackElo "1655"]
[PlyCount "72"]
[GameId "2160767910718247"]
[EventDate "2007.03.06"]
[EventType "swiss"]
[EventRounds "4"]
[EventCountry "CAN"]
[SourceTitle "EXT 2019"]
[Source "ChessBase"]
[SourceDate "2018.10.10"]
[SourceVersion "1"]
[SourceVersionDate "2018.10.10"]
[SourceQuality "1"]

1. Nf3 b6 2. d3 Bb7 3. e4 e6 4. g3 Nf6 5. Bg2 c5 6. c3 d6 7. Nbd2 Nc6 8. O-O Be7 9. Ne1 O-O 10. f4 Qc7 11. g4 h6 12. f5 exf5 13. gxf5 Rad8 14. Rf3 Ne5 15. Rg3 d5 16. d4 cxd4 17. cxd4 Nc6 18. e5 Nh7 19. Ndf3 f6 20. Bxh6 Ng5 21. Bxg5 fxg5 22. Nxg5 Nxd4 23. f6 Bc5 24. Kh1 Nf5 25. Qh5 Nxg3+ 26. hxg3 gxf6 27. Qg6+ Qg7 28. Qxg7+ Kxg7 29. Ne6+ Kf7 30. Nxf8 Rxf8 31. Kh2 Rh8+ 32. Bh3 Bc8 33. e6+ Bxe6 34. g4 Bxg4 35. Kg3 Bxh3 36. Nd3 Bd6+ 0-1

[Event "Winnipeg TNT March op"]
[Site "Winnipeg CAN"]
[Date "2007.03.20"]
[Round "3"]
[White "Karmali, Hafiz"]
[Black "Lipic, Stephen"]
[Result "1-0"]
[WhiteElo "2033"]
[BlackElo "1582"]
[PlyCount "53"]
[GameId "2160767910718248"]
[EventDate "2007.03.06"]
[EventType "swiss"]
[EventRounds "4"]
[EventCountry "CAN"]
[SourceTitle "EXT 2019"]
[Source "ChessBase"]
[SourceDate "2018.10.10"]
[SourceVersion "1"]
[SourceVersionDate "2018.10.10"]
[SourceQuality "1"]

1. d4 c5 2. d5 e5 3. c4 d6 4. Nc3 Be7 5. e4 Nf6 6. f4 Nbd7 7. Nf3 O-O 8. Bd3 b6 9. O-O Nh5 10. fxe5 g6 11. exd6 Bxd6 12. Bg5 Qc7 13. Nb5 Qb8 14. Nxd6 Qxd6 15. Qd2 Ne5 16. Be2 Bg4 17. Nxe5 Bxe2 18. Nxf7 Rxf7 19. Rxf7 Kxf7 20. Qxe2 Kg7 21. e5 Qd7 22. g4 Rf8 23. e6 Qd6 24. gxh5 Rf5 25. Bd2 Rxh5 26. Rf1 Re5 27. Bc3 1-0

[Event "Winnipeg TNT March op"]
[Site "Winnipeg CAN"]
[Date "2007.03.20"]
[Round "3"]
[White "Kohalmi, Andy"]
[Black "Khedkar, Jay S"]
[Result "0-1"]
[WhiteElo "1703"]
[BlackElo "1963"]
[PlyCount "87"]
[GameId "2160767910718249"]
[EventDate "2007.03.06"]
[EventType "swiss"]
[EventRounds "4"]
[EventCountry "CAN"]
[SourceTitle "EXT 2019"]
[Source "ChessBase"]
[SourceDate "2018.10.10"]
[SourceVersion "1"]
[SourceVersionDate "2018.10.10"]
[SourceQuality "1"]

1. d4 Nf6 2. Nf3 g6 3. g3 Bg7 4. Bg2 O-O 5. O-O d6 6. c4 Nbd7 7. Nc3 c6 8. e4 e5 9. Re1 Qc7 10. h3 a6 11. a4 Nb6 12. b3 exd4 13. Nxd4 c5 14. Nde2 Re8 15. Ra2 Be6 16. Bf4 Rad8 17. Rd2 Nc8 18. Rd3 Nh5 19. Bg5 Bf6 20. Qd2 Qe7 21. h4 Rd7 22. Rd1 Red8 23. Bxf6 Nxf6 24. Nf4 Na7 25. Nxe6 Qxe6 26. Kh2 Ng4+ 27. Kg1 Ne5 28. Rd5 Nac6 29. Qf4 Nd4 30. Kh2 Qf6 31. Qxf6 Ng4+ 32. Kg1 Nxf6 33. R5xd4 cxd4 34. Rxd4 Ne8 35. e5 dxe5 36. Rxd7 Rxd7 37. Nd5 Kg7 38. c5 e4 39. Bxe4 Nf6 40. Nxf6 Kxf6 41. c6 bxc6 42. Bxc6 Rd1+ 43. Kg2 a5 44. Bd5 0-1

[Event "Winnipeg TNT March op"]
[Site "Winnipeg CAN"]
[Date "2007.03.20"]
[Round "3"]
[White "Lauritson, Jim"]
[Black "Clark, Jeff"]
[Result "1/2-1/2"]
[WhiteElo "1916"]
[BlackElo "1846"]
[PlyCount "97"]
[GameId "2160767910718250"]
[EventDate "2007.03.06"]
[EventType "swiss"]
[EventRounds "4"]
[EventCountry "CAN"]
[SourceTitle "EXT 2019"]
[Source "ChessBase"]
[SourceDate "2018.10.10"]
[SourceVersion "1"]
[SourceVersionDate "2018.10.10"]
[SourceQuality "1"]

1. d4 Nf6 2. c4 e6 3. Nc3 Bb4 4. Qc2 c5 5. dxc5 Bxc5 6. Nf3 Nc6 7. Bg5 Be7 8. e4 d6 9. Rd1 Qc7 10. Be2 a6 11. O-O O-O 12. a3 Bd7 13. b4 Rfc8 14. Qd3 Be8 15. Rc1 Bf8 16. Rfd1 Nd7 17. Bf4 Nde5 18. Nxe5 dxe5 19. Be3 Rd8 20. Qb1 Nd4 21. c5 Nxe2+ 22. Nxe2 Be7 23. Qb3 Qc6 24. f3 Qa4 25. Qxa4 Bxa4 26. Rxd8+ Rxd8 27. Nc3 Be8 28. Rd1 Rc8 29. a4 Kf8 30. Rd3 a5 31. bxa5 Bxc5 32. Nb5 Bxe3+ 33. Rxe3 Ra8 34. Nc7 Rxa5 35. Nxe8 Kxe8 36. Rb3 Rxa4 37. Rxb7 Rd4 38. Kf2 Rd7 39. Rb5 f6 40. Rb6 Kf7 41. Kg3 f5 42. Rb5 Kf6 43. Rb2 Rd4 44. Re2 g5 45. h4 h6 46. hxg5+ hxg5 47. Kf2 Ra4 48. Kg3 Ra3 49. Kf2 1/2-1/2

[Event "Winnipeg TNT March op"]
[Site "Winnipeg CAN"]
[Date "2007.03.20"]
[Round "3"]
[White "Mundwiler, Les"]
[Black "Van Wyk, Joseph"]
[Result "1/2-1/2"]
[WhiteElo "1945"]
[BlackElo "1947"]
[PlyCount "48"]
[GameId "2160767910718251"]
[EventDate "2007.03.06"]
[EventType "swiss"]
[EventRounds "4"]
[EventCountry "CAN"]
[SourceTitle "EXT 2019"]
[Source "ChessBase"]
[SourceDate "2018.10.10"]
[SourceVersion "1"]
[SourceVersionDate "2018.10.10"]
[SourceQuality "1"]

1. d4 d5 2. c4 e6 3. Nc3 c5 4. cxd5 cxd4 5. Qa4+ Bd7 6. Qxd4 exd5 7. Qxd5 Nc6 8. Nf3 Nf6 9. Qd1 Bc5 10. e3 Qe7 11. Bd3 O-O-O 12. Qe2 g5 13. h3 h5 14. Nxg5 Rhg8 15. h4 Ne5 16. Bc4 Bc6 17. f3 Nxc4 18. Qxc4 Bxe3 19. Bxe3 Qxe3+ 20. Qe2 Qf4 21. O-O Qxh4 22. Nxf7 Rd7 23. Qe6 Qd4+ 24. Kh1 Qh4+ 1/2-1/2

[Event "Winnipeg TNT March op"]
[Site "Winnipeg CAN"]
[Date "2007.03.20"]
[Round "3"]
[White "Podmoroff, Yuri"]
[Black "Booth, Kevin"]
[Result "0-1"]
[WhiteElo "1536"]
[BlackElo "1638"]
[PlyCount "105"]
[GameId "2160767910718252"]
[EventDate "2007.03.06"]
[EventType "swiss"]
[EventRounds "4"]
[EventCountry "CAN"]
[SourceTitle "EXT 2019"]
[Source "ChessBase"]
[SourceDate "2018.10.10"]
[SourceVersion "1"]
[SourceVersionDate "2018.10.10"]
[SourceQuality "1"]

1. e4 d6 2. d4 g6 3. h3 Bg7 4. Nf3 b6 5. Bb5+ Bd7 6. Bxd7+ Nxd7 7. Be3 Ngf6 8. Qd3 O-O 9. Nbd2 Rc8 10. Ng5 c5 11. c3 e6 12. Nc4 d5 13. Nd6 dxe4 14. Ngxe4 Rc6 15. Nxf6+ Nxf6 16. Ne4 cxd4 17. cxd4 Nd5 18. O-O Nb4 19. Qb5 Qd5 20. Qxb4 Qxe4 21. Qa4 Qc2 22. b3 Qe4 23. Qxa7 Rd6 24. Rac1 Bxd4 25. Bxd4 Qxd4 26. Rfd1 Qe5 27. Rxd6 Qxd6 28. Qc7 Qd2 29. Qc2 Rd8 30. Qxd2 Rxd2 31. Rc6 Rxa2 32. Rxb6 Ra1+ 33. Kh2 Rb1 34. Kg3 Rb2 35. Kf3 Kg7 36. g3 Kf6 37. Ke3 h5 38. Rb7 Ke5 39. f4+ Kf6 40. g4 hxg4 41. hxg4 g5 42. f5 exf5 43. gxf5 Kxf5 44. Rxf7+ Kg4 45. Rb7 Kg3 46. Rb5 g4 47. Rb8 Kg2 48. b4 g3 49. b5 Kf1 50. Kd3 g2 51. Rf8+ Rf2 52. Rg8 Rf4 53. Ke3 0-1

[Event "Winnipeg TNT March op"]
[Site "Winnipeg CAN"]
[Date "2007.03.20"]
[Round "3"]
[White "Pottinger, Carl"]
[Black "Trueman, Francis"]
[Result "1-0"]
[WhiteElo "1802"]
[BlackElo "1465"]
[PlyCount "46"]
[GameId "2160767910718253"]
[EventDate "2007.03.06"]
[EventType "swiss"]
[EventRounds "4"]
[EventCountry "CAN"]
[SourceTitle "EXT 2019"]
[Source "ChessBase"]
[SourceDate "2018.10.10"]
[SourceVersion "1"]
[SourceVersionDate "2018.10.10"]
[SourceQuality "1"]

1. c4 e5 2. g3 Nf6 3. Bg2 d6 4. e4 g6 5. Ne2 Bg7 6. O-O O-O 7. d3 Nbd7 8. Nbc3 c6 9. h3 Re8 10. Be3 Nf8 11. Qd2 Be6 12. f4 Qd7 13. Kh2 Nh5 14. g4 Nf6 15. f5 gxf5 16. gxf5 Bxf5 17. Rxf5 d5 18. Bg5 Qe6 19. Raf1 N8d7 20. cxd5 cxd5 21. exd5 Qb6 22. Ng3 Bh6 23. Bxh6 Ng4+ 1-0

[Event "Winnipeg TNT March op"]
[Site "Winnipeg CAN"]
[Date "2007.03.20"]
[Round "3"]
[White "Reimer, Bruce"]
[Black "Crawford, Gary"]
[Result "1-0"]
[WhiteElo "1590"]
[BlackElo "1338"]
[PlyCount "47"]
[GameId "2160767910718254"]
[EventDate "2007.03.06"]
[EventType "swiss"]
[EventRounds "4"]
[EventCountry "CAN"]
[SourceTitle "EXT 2019"]
[Source "ChessBase"]
[SourceDate "2018.10.10"]
[SourceVersion "1"]
[SourceVersionDate "2018.10.10"]
[SourceQuality "1"]

1. e4 c5 2. f4 d6 3. Bb5+ Nd7 4. a3 a6 5. Ba4 b5 6. Bb3 Bb7 7. Bd5 Bxd5 8. exd5 Nb6 9. Qf3 Nf6 10. Nc3 b4 11. axb4 cxb4 12. Na2 Nfxd5 13. Ne2 e6 14. Nd4 Qc8 15. O-O Be7 16. b3 Bf6 17. Bb2 Qc5 18. c3 bxc3 19. dxc3 e5 20. fxe5 dxe5 21. b4 Qd6 22. Nf5 Qc7 23. c4 Qxc4 24. Nd6+ 1-0

[Event "Winnipeg TNT March op"]
[Site "Winnipeg CAN"]
[Date "2007.03.20"]
[Round "3"]
[White "Wasserman, Leor"]
[Black "Gibson, Fred"]
[Result "1/2-1/2"]
[WhiteElo "1560"]
[BlackElo "1260"]
[PlyCount "94"]
[GameId "2160767910718255"]
[EventDate "2007.03.06"]
[EventType "swiss"]
[EventRounds "4"]
[EventCountry "CAN"]
[SourceTitle "EXT 2019"]
[Source "ChessBase"]
[SourceDate "2018.10.10"]
[SourceVersion "1"]
[SourceVersionDate "2018.10.10"]
[SourceQuality "1"]

1. e4 c5 2. Nf3 d6 3. d4 cxd4 4. Nxd4 Nf6 5. Nc3 g6 6. Be2 Bg7 7. Be3 O-O 8. O-O Nbd7 9. Qd2 Ne5 10. Bh6 Neg4 11. Bxg7 Kxg7 12. h3 Ne5 13. Rad1 Bd7 14. Qg5 h6 15. Qg3 Nh5 16. Bxh5 Kh7 17. Be2 Rc8 18. Kh1 Rc5 19. f4 Nc4 20. Rb1 Nd2 21. Nb3 Nxf1 22. Rxf1 Rc6 23. f5 Qe8 24. Bd3 Rg8 25. fxg6+ fxg6 26. Na5 Rc5 27. Nxb7 Rg5 28. Qe3 Qa8 29. Qd4 Be8 30. Bb5 Rxb5 31. Nxb5 Qxb7 32. Na3 Qd7 33. c4 e5 34. Qd3 Qe6 35. Qe3 Qe7 36. Qd3 Rg7 37. Nc2 Bc6 38. Rd1 Qh4 39. Re1 Rf7 40. Re3 Rf2 41. Nb4 Bb7 42. Qxd6 Rf1+ 43. Kh2 Qf4+ 44. Rg3 Bxe4 45. Qe7+ Kg8 46. Qe8+ Kg7 47. Qe7+ Kg8 1/2-1/2